00472 2200157 4500001002100000005001500021035002000036245011400056100001600170300002800186260004400214082000800258084001400266020002200280990001200302INLIS00000000000255220250605102856 a0010-06250001381 aPanduan Tanggap Darurat Bencana Kebakaran :bPemahaman Teknik - Teknik Fire Safety Bagi Pemula /cAhmad Fauzi0 aAhmad Fauzi a142 hlm ;c14,5 x 21 cm aJakarta :bEsensi Erlangga Group,c2023 a600 a600 AHM p a978-623-7478-11-9 a0754888